000 00260nam a22001217a 4500
008 170627b xxu||||| |||| 00| 0 eng d
041 _aeng
080 _a82
100 _a21
101 _aGJL
245 _aGREEK LITERATURE
_cMANTINBAND, J.H
942 _2udc
_cBK
999 _c19250
_d19250